مكتبة جامعة عجلون الوطنية

فهرس بحث المكتبة

الاضطرابات اللغوية والنطقية الشائعة لدى طلبة ذوي صعوبات التعلم في محافظة عجلون = Common Linguistic and Speech Disorders among Students with Learning Disabilities in Ajloun Governorate / (Record no. 33581)

MARC details
000 -LEADER
fixed length control field 01247nam a22002057a 4500
003 - CONTROL NUMBER IDENTIFIER
control field JO-AjAnu
005 - DATE AND TIME OF LATEST TRANSACTION
control field 20240708125452.0
008 - FIXED-LENGTH DATA ELEMENTS--GENERAL INFORMATION
fixed length control field 240708b jo ||||| |||| 00| 0 ara d
040 ## - CATALOGING SOURCE
Original cataloging agency JO-AjAnu
Language of cataloging ara
Transcribing agency JO-AjAnu
Description conventions rda
041 ## - LANGUAGE CODE
Language code of text/sound track or separate title ara
Language code of original ara
050 ## - LIBRARY OF CONGRESS CALL NUMBER
Classification number LC4704.85
Item number 2024
100 #1 - MAIN ENTRY--PERSONAL NAME
Personal name المومني، اسماء شاهر عبدالله
Relator term معد
9 (RLIN) 66059
245 #0 - TITLE STATEMENT
Title الاضطرابات اللغوية والنطقية الشائعة لدى طلبة ذوي صعوبات التعلم في محافظة عجلون = Common Linguistic and Speech Disorders among Students with Learning Disabilities in Ajloun Governorate /
Statement of responsibility, etc. اعداد اسماء شاهر عبدالله المومني؛ اشراف قيصل عيسى النواصرة
260 ## - PUBLICATION, DISTRIBUTION, ETC.
Date of publication, distribution, etc. 2024
300 ## - PHYSICAL DESCRIPTION
Extent 118 ورقة
500 ## - GENERAL NOTE
General note رسالة جامعية (رسالة ماجستير في تخصص صعوبات التعلم) جامعة عجلون الوطنية(عجلون، الاردن) ، كلية العلوم التربوية، قسم التربية الخاصة، 2024.
650 70 - SUBJECT ADDED ENTRY--TOPICAL TERM
Topical term or geographic name entry element الاضطرابات اللغوية - عيوب النطق - ذوي صعوبات التعلم
9 (RLIN) 66060
700 #1 - ADDED ENTRY--PERSONAL NAME
Personal name النواصرة، فيصل عيسى
Relator term مشرف
9 (RLIN) 66061
942 ## - ADDED ENTRY ELEMENTS (KOHA)
Source of classification or shelving scheme Library of Congress Classification
Koha item type Thesis
Suppress in OPAC No
Holdings
Withdrawn status Lost status Source of classification or shelving scheme Damaged status Not for loan Home library Current library Date acquired Total Checkouts Full call number Barcode Date last seen Price effective from Koha item type
    Library of Congress Classification     مكتبة جامعة عجلون الوطنية مكتبة جامعة عجلون الوطنية 08/07/2024   LC4704.85 2024 a29894 08/07/2024 08/07/2024 Thesis
    Library of Congress Classification     مكتبة جامعة عجلون الوطنية مكتبة جامعة عجلون الوطنية 08/07/2024   LC4704.85 2024 a29895 08/07/2024 08/07/2024 Thesis